000 00460nam a2200181Ia 4500
008 230917s9999||||xx |||||||||||||| ||und||
020 _cRS995
040 _e257829
_aMAIN
041 _aEnglish
082 _a570 X8E(2)
100 _aXu, Jianping
245 0 _aEssentials of life science
250 _a2nd ed.
260 _aNew Delhi
_bMedtech
_c2017
300 _aviii, 480 p.
500 _a3601 10/09/2019 PBA19/493 11/09/2019 Main Budget
942 _cBK
999 _c32716
_d32716